Odcudzená práca: dedičstvo klasického konceptu a možnosti jeho revitalizácie

Odcudzená práca, klasický sociologický koncept, ktorý priťahoval veľkú pozornosť. Korene v Marxových dielach, jeho dimenzie a otázky esencializmu a ľudskej povahy. Na pozadí veľkej rozmanitosti prístupov k odcudzenej práci v 20. storočí sa pozornosť venuje systematizácii a prehodnocovaniu hlavných a...

Descrizione completa

Salvato in:
Dettagli Bibliografici
Autore principale: Gerbery, Daniel
Natura: Capitolo di libro
Lingua:slovacco
Soggetti:
Tags: Aggiungi Tag
Nessun Tag, puoi essere il primo ad aggiungerne!!

MARC

LEADER 00000naa a2200000 4500
001 0274841
005 20210610145736.2
041 0 |a slo 
044 |a SK 
245 1 0 |a Odcudzená práca: dedičstvo klasického konceptu a možnosti jeho revitalizácie  |c Daniel Gerbery 
520 |a Odcudzená práca, klasický sociologický koncept, ktorý priťahoval veľkú pozornosť. Korene v Marxových dielach, jeho dimenzie a otázky esencializmu a ľudskej povahy. Na pozadí veľkej rozmanitosti prístupov k odcudzenej práci v 20. storočí sa pozornosť venuje systematizácii a prehodnocovaniu hlavných argumentov v teoretických aj empirických štúdiách s dôrazom na marxistické interpretácie. Možnosť, ako by mohla kritická sociálna teória prispieť k revitalizácii koncepcie odcudzenej práce. Argumenty Axela Honnetha týkajúce sa práce, vrátane jeho ranej kritiky Habermasa a jeho neskoršieho prístupu k práci v rámci teórie uznania. 
610 2 0 |a práca 
610 2 0 |a teória a prax 
610 2 0 |a teória sociálna 
610 2 0 |a kritika 
100 1 |a Gerbery, Daniel